01075nam0a22002531 4500001001100000005001700011021001900028035002600047100004100073101000800114102000700122105001800129200024300147210002800390215001500418300006100433320003000494606006200524702004000586712013600626801001800762801002200780852001900802rc\460489820260407122740.0 aRUb[61-20946] a(NLR Aleph) 008668275 a20130416d1961 |||y0rusy50 ca0 arus aRU ay z |||||1 aОпытническая работа учащихся по садоводствуe(Метод. письмо)fОмский обл. отд. нар. образования. Ин-т усовершенствования учителей aОмскcБ. и.d1961 a35 с.d21 aНа 1-й с. сост.: Г.Г. Мухамадеева aБиблиогр.: с. 35 aПлодоводствоxОпыты учебные2psbo 1aМухамадееваbГ.Г.422002aОмский областной институт усовершенствования учителей3RU\NLR\AUTH\889959603 0aRUbNLRgpsbo 1aRUbELAR2rusmarc aNLRj61-6/3049